000 00376 a2200169 4500
001 167789
020 _a85-08-07367-4
040 _cMagnum
100 _aJaf, Ivan
240 1 0 _aO vampiro que descobriu o Brasil
_lpor
245 1 0 _aO vampiro que descobriu o Brasil
300 _a134
362 0 _a2000
440 1 _aÁtica
697 _aLITERATURA JUVENIL
942 _cBK
999 _c167789
_d167789